Jeotermal enerji (Record no. 12173)

000 -LEADER
fixed length control field 00899nmm a2200277 a 4500
001 - CONTROL NUMBER
control field ocm000703568
003 - CONTROL NUMBER IDENTIFIER
control field TR-IsHL
005 - DATE AND TIME OF LATEST TRANSACTION
control field 20201028153656.0
008 - FIXED-LENGTH DATA ELEMENTS--GENERAL INFORMATION
fixed length control field 140402s2000 tu tur
007 - PHYSICAL DESCRIPTION FIXED FIELD--GENERAL INFORMATION
fixed length control field cr cn
035 ## - SYSTEM CONTROL NUMBER
System control number 703568
-- (N$T)
050 04 - LIBRARY OF CONGRESS CALL NUMBER
Classification number TJ280.7
Item number .C36 2000
090 04 - LOCALLY ASSIGNED LC-TYPE CALL NUMBER (OCLC); LOCAL CALL NUMBER (RLIN)
Classification number (OCLC) (R) ; Classification number, CALL (RLIN) (NR) TJ280.7
Local cutter number (OCLC) ; Book number/undivided call number, CALL (RLIN) .C36 2000
100 1# - MAIN ENTRY--PERSONAL NAME
Personal name Canik, Baki
245 10 - TITLE STATEMENT
Title Jeotermal enerji
Medium [electronic resource] /
Statement of responsibility, etc. Baki Canik ; Mehmet Çelık, Zafer Arıgün
260 ## - PUBLICATION, DISTRIBUTION, ETC.
Place of publication, distribution, etc. Ankara :
Name of publisher, distributor, etc. Ankara Üniversitesi,
Date of publication, distribution, etc. 2000
300 ## - PHYSICAL DESCRIPTION
Extent 65 p.
650 #4 - SUBJECT ADDED ENTRY--TOPICAL TERM
Topical term or geographic name entry element Genel Çalışmalar
650 #4 - SUBJECT ADDED ENTRY--TOPICAL TERM
Topical term or geographic name entry element General Works
650 #0 - SUBJECT ADDED ENTRY--TOPICAL TERM
Topical term or geographic name entry element Jeotermal kaynaklar
650 #0 - SUBJECT ADDED ENTRY--TOPICAL TERM
Topical term or geographic name entry element Geothermal resources
650 #7 - SUBJECT ADDED ENTRY--TOPICAL TERM
Topical term or geographic name entry element TECHNOLOGY & ENGINEERING / Power Resources / General
Source of heading or term bisacsh
700 1# - ADDED ENTRY--PERSONAL NAME
Personal name Çelik, Mehmet
700 1# - ADDED ENTRY--PERSONAL NAME
Personal name Arıgün, Zafer
856 40 - ELECTRONIC LOCATION AND ACCESS
Uniform Resource Identifier <a href="http://search.ebscohost.com/login.aspx?direct=true&scope=site&db=e011xww&AN=703568">http://search.ebscohost.com/login.aspx?direct=true&scope=site&db=e011xww&AN=703568</a>
Holdings
Withdrawn status Lost status Source of classification or shelving scheme Damaged status Not for loan Collection code Permanent Location Current Location Date acquired Total Checkouts Full call number Barcode Date last seen Price effective from Koha item type
        Online   Kıbrıs Amerikan Üniversitesi Kütüphanesi / American University of Cyprus Kıbrıs Amerikan Üniversitesi Kütüphanesi / American University of Cyprus 28.10.2020   TJ280.7 .C36 2000 703568 28.10.2020 28.10.2020 E-Kitap
Devinim Yazılım Eğitim Danışmanlık tarafından Koha'nın orjinal sürümü uyarlanarak geliştirilip kurulmuştur.